Name all Minecraft blocks and items (pre-classic - 1.19) - Statistics

General Stats
  • This quiz has been taken 204 times
    195 since last reset
  • The average score is 655 of 1232
Answer Stats
% Correct
dirt
92%
stone
89%
diamond
86%
cobblestone
85%
grass
82%
light
82%
sand
80%
oak log
79%
water
79%
bucket
78%
redstone
78%
fire
77%
oak wood
77%
lava
76%
coal
75%
glass
75%
gold ingot
75%
iron ingot
75%
leather
75%
gold ore
74%
iron ore
74%
oak door
74%
oak fence
74%
wheat
74%
grass block
73%
oak planks
73%
spruce wood
73%
chest
72%
stick
72%
diamond ore
71%
emerald
71%
mossy cobblestone
71%
oak boat
71%
oak leaves
71%
acacia wood
70%
birch log
70%
cobblestone slab
70%
diamond sword
70%
oak slab
70%
water bucket
70%
arrow
69%
birch wood
69%
bow
69%
bucket of salmon
69%
carrot
69%
diamond axe
69%
diamond chestplate
69%
furnace
69%
oak stairs
69%
red wool
69%
acacia log
68%
air
68%
black wool
68%
bucket of cod
68%
cat
68%
chain
68%
diamond boots
68%
diamond helmet
68%
diamond hoe
68%
diamond pickaxe
68%
end stone
68%
golden apple
68%
golden axe
68%
golden boots
68%
golden chestplate
68%
golden hoe
68%
golden pickaxe
68%
golden sword
68%
gray wool
68%
iron boots
68%
iron chestplate
68%
iron helmet
68%
iron hoe
68%
iron nugget
68%
iron pickaxe
68%
iron shovel
68%
lapis lazuli
68%
lava bucket
68%
minecart
68%
oak sapling
68%
pink wool
68%
sandstone
68%
spruce log
68%
stone hoe
68%
stone pickaxe
68%
stone slab
68%
torch
68%
tropical fish
68%
white wool
68%
block of coal
67%
coal ore
67%
diamond shovel
67%
golden helmet
67%
golden shovel
67%
iron axe
67%
jungle wood
67%
oak fence gate
67%
oak trapdoor
67%
red bed
67%
redstone ore
67%
spruce door
67%
stone axe
67%
stone shovel
67%
stone sword
67%
stripped oak log
67%
apple
66%
bedrock
66%
birch door
66%
birch fence
66%
birch leaves
66%
block of iron
66%
brown wool
66%
charcoal
66%
cobblestone stairs
66%
gravel
66%
iron sword
66%
leather boots
66%
light gray wool
66%
oak button
66%
obsidian
66%
poppy
66%
purple wool
66%
red sand
66%
spruce leaves
66%
spruce planks
66%
tnt
66%
wooden pickaxe
66%
yellow wool
66%
acacia door
65%
block of gold
65%
blue wool
65%
book
65%
crafting table
65%
cyan wool
65%
diamond leggings
65%
golden leggings
65%
gold nugget
65%
green wool
65%
iron leggings
65%
light blue wool
65%
lime wool
65%
milk bucket
65%
netherrack
65%
oak pressure plate
65%
red dye
65%
snow
65%
spruce fence
65%
spruce sapling
65%
stone bricks
65%
ward
65%
wooden axe
65%
wooden hoe
65%
wooden sword
65%
yellow bed
65%
acacia planks
64%
birch slab
64%
blue bed
64%
campfire
64%
deepslate
64%
emerald ore
64%
flint
64%
green bed
64%
green dye
64%
leather cap
64%
leather pants
64%
orange wool
64%
pumpkin
64%
sheep spawn egg
64%
skeleton spawn egg
64%
wooden shovel
64%
zombie spawn egg
64%
acacia button
63%
acacia fence
63%
acacia leaves
63%
black bed
63%
block of diamond
63%
blue dye
63%
brick
63%
cat spawn egg
63%
cod spawn egg
63%
cow spawn egg
63%
dark oak door
63%
dark oak log
63%
enchanted golden apple
63%
endermite spawn egg
63%
golden carrot
63%
golden horse armor
63%
jungle fence
63%
jungle leaves
63%
leather tunic
63%
lime bed
63%
magenta wool
63%
pink bed
63%
pufferfish
63%
purple bed
63%
red sandstone
63%
snowball
63%
soul sand
63%
spruce slab
63%
stone stairs
63%
stripped oak wood
63%
villager spawn egg
63%
white bed
63%
wolf spawn egg
63%
acacia trapdoor
62%
birch button
62%
birch trapdoor
62%
block of redstone
62%
bread
62%
bucket of tropical fish
62%
cyan bed
62%
enderman spawn egg
62%
item frame
62%
jungle door
62%
lapis lazuli ore
62%
lime dye
62%
magenta bed
62%
magenta dye
62%
melon
62%
nether brick
62%
oak sign
62%
pink dye
62%
rail
62%
redstone repeater
62%
salmon spawn egg
62%
spruce boat
62%
spruce button
62%
spruce sign
62%
spruce trapdoor
62%
stripped spruce log
62%
acacia boat
61%
acacia sapling
61%
acacia slab
61%
birch boat
61%
birch fence gate
61%
birch planks
61%
black banner
61%
black dye
61%
blaze rod
61%
blaze spawn egg
61%
block of emerald
61%
blue banner
61%
bookshelf
61%
brown bed
61%
brown dye
61%
brown mushroom
61%
bucket of axolotl
61%
bucket of pufferfish
61%
cake
61%
cooked chicken
61%
cooked cod
61%
cooked rabbit
61%
cyan dye
61%
dandelion
61%
dark oak boat
61%
dark oak button
61%
dark oak fence
61%
dark oak leaves
61%
dark oak planks
61%
dark oak sapling
61%
dark oak wood
61%
diamond horse armor
61%
frogspawn
61%
frog spawn egg
61%
glass pane
61%
goat spawn egg
61%
gray banner
61%
gray bed
61%
gray dye
61%
gunpowder
61%
hay bale
61%
horse spawn egg
61%
infested stone
61%
iron horse armor
61%
jungle button
61%
jungle log
61%
jungle pressure plate
61%
jungle trapdoor
61%
light blue bed
61%
light gray bed
61%
light gray dye
61%
mossy stone bricks
61%
orange bed
61%
orange dye
61%
piglin spawn egg
61%
powered rail
61%
prismarine
61%
purple dye
61%
rabbit hide
61%
raw chicken
61%
raw rabbit
61%
red banner
61%
red mushroom
61%
sandstone slab
61%
shulker box
61%
spider spawn egg
61%
spruce fence gate
61%
spruce stairs
61%
stripped acacia log
61%
stripped acacia wood
61%
stripped birch log
61%
stripped jungle log
61%
stripped jungle wood
61%
stripped spruce wood
61%
white banner
61%
white dye
61%
wither skeleton spawn egg
61%
yellow dye
61%
acacia fence gate
60%
acacia pressure plate
60%
birch stairs
60%
block of lapis lazuli
60%
brown banner
60%
cave spider spawn egg
60%
chicken spawn egg
60%
cobblestone wall
60%
cooked porkchop
60%
dark oak slab
60%
egg
60%
enchanted book
60%
flint and steel
60%
infested cobblestone
60%
iron door
60%
jungle boat
60%
jungle fence gate
60%
jungle slab
60%
lantern
60%
light blue dye
60%
light gray banner
60%
lime banner
60%
pillager spawn egg
60%
pink banner
60%
polar bear spawn egg
60%
potato
60%
purple banner
60%
purpur block
60%
raw cod
60%
raw porkchop
60%
steak
60%
stone brick slab
60%
stripped birch wood
60%
stripped dark oak log
60%
stripped dark oak wood
60%
acacia sign
59%
birch sapling
59%
blaze powder
59%
blue terracotta
59%
bone
59%
bucket of tadpole
59%
cocoa beans
59%
cooked salmon
59%
dark oak fence gate
59%
dark oak trapdoor
59%
dragon egg
59%
glowstone
59%
green banner
59%
ice
59%
light blue banner
59%
magenta banner
59%
orange banner
59%
paper
59%
raw beef
59%
raw gold
59%
raw iron
59%
saddle
59%
shulker spawn egg
59%
terracotta
59%
vex spawn egg
59%
warden spawn egg
59%
wheat seeds
59%
yellow banner
59%
bamboo
58%
birch pressure plate
58%
birch sign
58%
chainmail boots
58%
chainmail helmet
58%
chainmail leggings
58%
cyan banner
58%
dark oak sign
58%
dolphin spawn egg
58%
donkey spawn egg
58%
ender pearl
58%
far
58%
fox spawn egg
58%
ghast spawn egg
58%
glow squid spawn egg
58%
hopper
58%
jungle planks
58%
jungle sign
58%
jungle stairs
58%
mossy cobblestone slab
58%
mossy cobblestone stairs
58%
mud
58%
mushroom stew
58%
purpur stairs
58%
red terracotta
58%
sandstone stairs
58%
seagrass
58%
snow block
58%
soul campfire
58%
spider eye
58%
spruce pressure plate
58%
squid spawn egg
58%
string
58%
turtle spawn egg
58%
white shulker box
58%
wither skeleton skull
58%
acacia stairs
57%
bee spawn egg
57%
black terracotta
57%
blue shulker box
57%
carved pumpkin
57%
chainmail chestplate
57%
crossbow
57%
dark oak pressure plate
57%
deepslate coal ore
57%
deepslate diamond ore
57%
end portal
57%
eye of ender
57%
feather
57%
green shulker box
57%
green terracotta
57%
lever
57%
light blue shulker box
57%
magma block
57%
mule spawn egg
57%
nether bricks
57%
netherite ingot
57%
ocelot spawn egg
57%
orange shulker box
57%
orange terracotta
57%
piglin brute spawn egg
57%
pig spawn egg
57%
purple shulker box
57%
purpur slab
57%
raw copper
57%
red stained glass
57%
redstone lamp
57%
red tulip
57%
stone brick stairs
57%
tadpole spawn egg
57%
vindicator spawn egg
57%
white terracotta
57%
white tulip
57%
witch spawn egg
57%
yellow shulker box
57%
yellow terracotta
57%
zombified piglin spawn egg
57%
allay spawn egg
56%
black shulker box
56%
brown mushroom block
56%
brown terracotta
56%
carrot on a stick
56%
creeper spawn egg
56%
cyan shulker box
56%
deepslate gold ore
56%
deepslate iron ore
56%
diorite
56%
elytra
56%
ender chest
56%
gray shulker box
56%
hoglin spawn egg
56%
honey bottle
56%
ink sac
56%
jungle sapling
56%
light blue terracotta
56%
light gray shulker box
56%
lime shulker box
56%
lime terracotta
56%
magenta shulker box
56%
magenta terracotta
56%
mangrove log
56%
melon slice
56%
minecart with furnace
56%
minecart with tnt
56%
nether brick slab
56%
netherite axe
56%
netherite hoe
56%
netherite sword
56%
parrot spawn egg
56%
prismarine slab
56%
purple terracotta
56%
raw salmon
56%
red shulker box
56%
smooth stone
56%
soul soil
56%
spawner
56%
strider spawn egg
56%
sugar
56%
tropical fish spawn egg
56%
white stained glass
56%
zoglin spawn egg
56%
black stained glass
55%
black stained glass pane
55%
blue stained glass
55%
bone meal
55%
brown stained glass
55%
brown stained glass pane
55%
compass
55%
crimson trapdoor
55%
cyan terracotta
55%
dark oak stairs
55%
deepslate lapis lazuli ore
55%
detector rail
55%
farmland
55%
glow ink sac
55%
glowstone dust
55%
gray terracotta
55%
iron trapdoor
55%
light gray terracotta
55%
mangrove boat
55%
mangrove leaves
55%
mangrove wood
55%
mossy stone brick stairs
55%
mushroom stem
55%
nether brick stairs
55%
netherite boots
55%
netherite chestplate
55%
netherite helmet
55%
netherite shovel
55%
orange stained glass
55%
pink shulker box
55%
pink terracotta
55%
prismarine stairs
55%
rabbit spawn egg
55%
red concrete
55%
red sandstone stairs
55%
red stained glass pane
55%
rose bush
55%
rotten flesh
55%
sea lantern
55%
shulker shell
55%
skeleton skull
55%
slimeball
55%
soul fire
55%
soul torch
55%
tall grass
55%
white carpet
55%
white concrete
55%
yellow stained glass
55%
13
54%
andesite
54%
basalt
54%
bat spawn egg
54%
black carpet
54%
black concrete
54%
blackstone
54%
blue carpet
54%
blue concrete
54%
blue stained glass pane
54%
brown shulker box
54%
clay
54%
cooked mutton
54%
creeper head
54%
crimson door
54%
crimson fence
54%
crimson planks
54%
crimson pressure plate
54%
crimson sign
54%
crimson stairs
54%
crying obsidian
54%
cyan stained glass
54%
cyan stained glass pane
54%
dark prismarine
54%
deepslate bricks
54%
deepslate emerald ore
54%
elder guardian spawn egg
54%
enchanting table
54%
end portal frame
54%
glistering melon
54%
glow item frame
54%
granite
54%
gray stained glass
54%
gray stained glass pane
54%
green carpet
54%
green concrete
54%
green stained glass
54%
green stained glass pane
54%
honeycomb
54%
jack o'lantern
54%
kelp
54%
light blue carpet
54%
light blue concrete
54%
light blue stained glass
54%
light blue stained glass pane
54%
light gray stained glass
54%
light gray stained glass pane
54%
lime carpet
54%
lime concrete
54%
lime stained glass
54%
lime stained glass pane
54%
magenta carpet
54%
magenta concrete
54%
magenta stained glass
54%
magenta stained glass pane
54%
magma cream
54%
magma cube spawn egg
54%
mangrove button
54%
mangrove door
54%
mangrove fence
54%
mangrove fence gate
54%
mangrove roots
54%
mangrove trapdoor
54%
minecart with chest
54%
minecart with hopper
54%
mossy cobblestone wall
54%
mossy stone brick slab
54%
nether gold ore
54%
netherite leggings
54%
netherite pickaxe
54%
nether portal
54%
nether quartz
54%
nether star
54%
orange carpet
54%
orange stained glass pane
54%
orange tulip
54%
petrified oak slab
54%
pink carpet
54%
pink concrete
54%
pink stained glass
54%
pink stained glass pane
54%
poisonous potato
54%
potion of healing
54%
potion of strength
54%
powder snow
54%
pufferfish spawn egg
54%
pumpkin pie
54%
purple carpet
54%
purple concrete
54%
purple stained glass
54%
purple stained glass pane
54%
quartz pillar
54%
quartz slab
54%
quartz stairs
54%
ravager spawn egg
54%
raw mutton
54%
red mushroom block
54%
red sandstone slab
54%
red sandstone wall
54%
redstone torch
54%
stone button
54%
stone pressure plate
54%
sugar cane
54%
trident
54%
warped button
54%
warped door
54%
warped fence
54%
warped fence gate
54%
warped fungus
54%
warped slab
54%
warped stairs
54%
warped trapdoor
54%
water bottle
54%
white stained glass pane
54%
yellow carpet
54%
yellow stained glass pane
54%
11
53%
amethyst shard
53%
baked potato
53%
beetroot
53%
bowl
53%
bricks
53%
brown carpet
53%
brown concrete
53%
copper ore
53%
crimson button
53%
crimson fence gate
53%
crimson slab
53%
cyan carpet
53%
cyan concrete
53%
drowned spawn egg
53%
evoker spawn egg
53%
gray carpet
53%
gray concrete
53%
guardian spawn egg
53%
light gray carpet
53%
light gray concrete
53%
mall
53%
mangrove pressure plate
53%
map
53%
mossy stone brick wall
53%
nether wart
53%
oak boat with chest
53%
orange concrete
53%
panda spawn egg
53%
phantom spawn egg
53%
red carpet
53%
sandstone wall
53%
slime block
53%
smooth stone slab
53%
warped sign
53%
warped stem
53%
white concrete powder
53%
wither rose
53%
yellow concrete
53%
zombie head
53%
axolotl spawn egg
52%
beehive
52%
black concrete powder
52%
block of copper
52%
blue concrete powder
52%
brown concrete powder
52%
command block
52%
cracked stone bricks
52%
cyan concrete powder
52%
deepslate redstone ore
52%
end stone bricks
52%
ghast tear
52%
gilded blackstone
52%
goat horn
52%
gray concrete powder
52%
green concrete powder
52%
husk spawn egg
52%
leather horse armor
52%
light blue concrete powder
52%
lime concrete powder
52%
magenta concrete powder
52%
mangrove slab
52%
mangrove stairs
52%
nether brick fence
52%
orange concrete powder
52%
pigstep
52%
pink concrete powder
52%
potion of fire resistance
52%
potion of regeneration
52%
potion of weakness
52%
purple concrete powder
52%
purpur pillar
52%
rabbit's foot
52%
red concrete powder
52%
sculk
52%
sculk sensor
52%
sea pickle
52%
silverfish spawn egg
52%
stone brick wall
52%
sweet berries
52%
wandering trader spawn egg
52%
warped planks
52%
yellow concrete powder
52%
acacia boat with chest
51%
allium
51%
anvil
51%
blue ice
51%
book and quill
51%
brewing stand
51%
chiseled sandstone
51%
clay ball
51%
crimson fungus
51%
crimson stem
51%
deepslate brick slab
51%
deepslate brick stairs
51%
dried kelp
51%
end stone brick slab
51%
end stone brick stairs
51%
glass bottle
51%
honey block
51%
lead
51%
light gray concrete powder
51%
mangrove planks
51%
mangrove sign
51%
melon seeds
51%
mooshroom spawn egg
51%
mud bricks
51%
pink tulip
51%
piston
51%
potion of poison
51%
potion of water breathing
51%
powder snow bucket
51%
rabbit stew
51%
spectral arrow
51%
stripped warped stem
51%
sunflower
51%
vine
51%
warped hyphae
51%
warped nylium
51%
warped pressure plate
51%
white glazed terracotta
51%
ancient debris
50%
banner pattern
50%
black candle
50%
blackstone slab
50%
blackstone stairs
50%
block of netherite
50%
block of raw iron
50%
chorus fruit
50%
dark oak boat with chest
50%
deepslate copper ore
50%
dropper
50%
infested deepslate
50%
infested stone bricks
50%
lime glazed terracotta
50%
mud brick slab
50%
mud brick stairs
50%
polished andesite
50%
polished diorite
50%
polished granite
50%
prismarine wall
50%
pumpkin seeds
50%
pumpkin stem
50%
shear
50%
spruce boat with chest
50%
sticky piston
50%
stripped crimson stem
50%
stripped mangrove log
50%
stripped mangrove wood
50%
stripped warped hyphae
50%
sweet berry bush
50%
turtle egg
50%
turtle shell
50%
warped fungus on a stick
50%
white candle
50%
zombie villager spawn egg
50%
black glazed terracotta
49%
block of raw gold
49%
brown candle
49%
brown glazed terracotta
49%
clock
49%
cookie
49%
cyan glazed terracotta
49%
disc fragment
49%
fermented spider eye
49%
gray glazed terracotta
49%
green glazed terracotta
49%
jukebox
49%
light blue candle
49%
light blue glazed terracotta
49%
light gray glazed terracotta
49%
lime candle
49%
llama spawn egg
49%
magenta candle
49%
melon stem
49%
nether quartz ore
49%
orange candle
49%
orange glazed terracotta
49%
packed ice
49%
pink candle
49%
purple candle
49%
red candle
49%
red glazed terracotta
49%
red nether bricks
49%
slime spawn egg
49%
stray spawn egg
49%
stripped crimson hyphae
49%
yellow candle
49%
blue candle
48%
blue glazed terracotta
48%
candle
48%
cave air
48%
copper ingot
48%
crimson nylium
48%
cyan candle
48%
dark prismarine slab
48%
dark prismarine stairs
48%
end crystal
48%
end stone brick wall
48%
green candle
48%
infested mossy stone bricks
48%
iron bar
48%
jungle boat with chest
48%
light gray candle
48%
magenta glazed terracotta
48%
mycelium
48%
nether brick wall
48%
pink glazed terracotta
48%
purple glazed terracotta
48%
red nether brick slab
48%
red nether brick stairs
48%
soul lantern
48%
yellow glazed terracotta
48%
5
47%
bee nest
47%
birch boat with chest
47%
blackstone wall
47%
blue orchid
47%
chiseled red sandstone
47%
chorus plant
47%
cornflower
47%
glow berries
47%
gray candle
47%
muddy mangrove roots
47%
potion of harming
47%
sculk vein
47%
smooth sandstone
47%
splash potion of fire resistance
47%
trader llama spawn egg
47%
andesite slab
46%
andesite stairs
46%
awkward potion
46%
block of quartz
46%
bone block
46%
brick slab
46%
brick stairs
46%
chorus flower
46%
cobbled deepslate
46%
cobweb
46%
conduit
46%
crimson hyphae
46%
cut copper
46%
cut sandstone
46%
dead bush
46%
deepslate brick wall
46%
diorite slab
46%
diorite stairs
46%
dragon head
46%
end rod
46%
explorer map
46%
firework rocket
46%
granite slab
46%
granite stairs
46%
granite wall
46%
heart of the sea
46%
ladder
46%
lily pad
46%
lodestone
46%
mangrove boat with chest
46%
mangrove propagule
46%
mellohi
46%
mud brick wall
46%
nautilus shell
46%
note block
46%
polished andesite slab
46%
polished andesite stairs
46%
polished blackstone
46%
polished blackstone slab
46%
polished blackstone stairs
46%
polished blackstone wall
46%
polished diorite slab
46%
polished diorite stairs
46%
polished granite slab
46%
polished granite stairs
46%
potion of night vision
46%
potion of slow falling
46%
potion of swiftness
46%
potion of the turtle master
46%
recovery compass
46%
red nether brick wall
46%
sculk catalyst
46%
scute
46%
small amethyst bud
46%
splash potion of harming
46%
splash potion of healing
46%
splash potion of poison
46%
splash potion of regeneration
46%
stal
46%
tuff
46%
verdant froglight
46%
void air
46%
waxed cut copper
46%
waxed cut copper slab
46%
waxed cut copper stairs
46%
waxed exposed cut copper
46%
waxed exposed cut copper slab
46%
waxed exposed cut copper stairs
46%
waxed oxidized cut copper
46%
waxed oxidized cut copper slab
46%
waxed oxidized cut copper stairs
46%
waxed weathered cut copper
46%
waxed weathered cut copper slab
46%
waxed weathered cut copper stairs
46%
written book
46%
beetroot soup
45%
brick wall
45%
cauldron
45%
chiseled quartz block
45%
coarse dirt
45%
cut copper stairs
45%
daylight sensor
45%
dragon's breath
45%
large amethyst bud
45%
lodestone compass
45%
medium amethyst bud
45%
mundane potion
45%
player head
45%
polished basalt
45%
potion of slowness
45%
prismarine shard
45%
skeleton horse spawn egg
45%
smooth basalt
45%
smooth red sandstone
45%
splash potion of water breathing
45%
splash potion of weakness
45%
sponge
45%
structure void
45%
trapped chest
45%
zombie horse spawn egg
45%
beetroot seeds
44%
chiseled stone bricks
44%
cracked deepslate bricks
44%
cut copper slab
44%
diorite wall
44%
dispenser
44%
exposed cut copper
44%
exposed cut copper stairs
44%
fletching table
44%
netherite scrap
44%
oxidized cut copper
44%
oxidized cut copper stairs
44%
potion of invisibility
44%
shield
44%
splash potion of strength
44%
thick potion
44%
weathered cut copper
44%
weathered cut copper stairs
44%
armor stand
43%
arrow of healing
43%
beacon
43%
block of amethyst
43%
block of raw copper
43%
budding amethyst
43%
buried treasure map
43%
chiseled deepslate
43%
cut red sandstone
43%
cut sandstone slab
43%
exposed cut copper slab
43%
fire coral
43%
fishing rod
43%
honeycomb block
43%
minecart with command block
43%
moss block
43%
ominous banner
43%
oxidized cut copper slab
43%
peony
43%
podzol
43%
polished deepslate
43%
polished deepslate slab
43%
polished deepslate stairs
43%
polished deepslate wall
43%
potion of leaping
43%
prismarine bricks
43%
respawn anchor
43%
splash potion of the turtle master
43%
totem of undying
43%
weathered cut copper slab
43%
arrow of fire resistance
42%
arrow of harming
42%
arrow of poison
42%
arrow of water breathing
42%
arrow of weakness
42%
azalea
42%
bubble coral
42%
dried kelp block
42%
potion of luck
42%
prismarine crystal
42%
sculk shrieker
42%
smooth quartz
42%
smooth sandstone slab
42%
smooth sandstone stairs
42%
splash potion of invisibility
42%
splash potion of night vision
42%
splash water bottle
42%
tripwire hook
42%
warped roots
42%
andesite wall
41%
arrow of night vision
41%
arrow of regeneration
41%
azure bluet
41%
blast furnace
41%
brain coral
41%
cut red sandstone slab
41%
dead brain coral
41%
dead bubble coral
41%
dead fire coral
41%
fern
41%
fire charge
41%
firework star
41%
hanging roots
41%
horn coral
41%
moss carpet
41%
oxeye daisy
41%
oxidized copper
41%
phantom membrane
41%
prismarine brick slab
41%
smooth red sandstone slab
41%
smooth red sandstone stairs
41%
splash potion of slow falling
41%
splash potion of slowness
41%
splash potion of swiftness
41%
strad
41%
suspicious stew
41%
tube coral
41%
arrow of strength
40%
bubble coral block
40%
cobbled deepslate slab
40%
cobbled deepslate stairs
40%
cobbled deepslate wall
40%
crimson roots
40%
damaged anvil
40%
dead brain coral fan
40%
dead fire coral fan
40%
dead horn coral
40%
deepslate tiles
40%
deepslate tile slab
40%
exposed copper
40%
fire coral block
40%
horn coral block
40%
lectern
40%
lily of the valley
40%
lingering potion of fire resistance
40%
lingering potion of harming
40%
lingering potion of healing
40%
loom
40%
ochre froglight
40%
popped chorus fruit
40%
prismarine brick stairs
40%
rooted dirt
40%
smooth quartz slab
40%
splash potion of leaping
40%
twisting vine
40%
waxed block of copper
40%
amethyst cluster
39%
arrow of invisibility
39%
arrow of leaping
39%
arrow of swiftness
39%
arrow of the turtle master
39%
bottle o' enchanting
39%
brain coral block
39%
brain coral fan
39%
bubble coral fan
39%
cactus
39%
calcite
39%
chipped anvil
39%
composter
39%
cracked deepslate tiles
39%
dead brain coral block
39%
dead bubble coral block
39%
dead bubble coral fan
39%
dead fire coral block
39%
dead horn coral block
39%
dead horn coral fan
39%
dead tube coral
39%
dead tube coral block
39%
dead tube coral fan
39%
deepslate tile stairs
39%
deepslate tile wall
39%
dirt path
39%
fire coral fan
39%
horn coral fan
39%
knowledge book
39%
lingering potion of invisibility
39%
lingering potion of luck
39%
lingering potion of poison
39%
lingering potion of regeneration
39%
lingering potion of strength
39%
lingering potion of the turtle master
39%
lingering potion of weakness
39%
lingering water bottle
39%
pearlescent froglight
39%
polished blackstone bricks
39%
polished blackstone brick slab
39%
polished blackstone brick stairs
39%
polished blackstone button
39%
quartz bricks
39%
redstone comparator
39%
reinforced deepslate
39%
shroomlight
39%
smooth quartz stairs
39%
splash potion of luck
39%
structure block
39%
tinted glass
39%
tube coral block
39%
tube coral fan
39%
waxed exposed copper
39%
waxed oxidized copper
39%
waxed weathered copper
39%
weathered copper
39%
arrow of luck
38%
chirp
38%
flowering azalea
38%
lingering potion of night vision
38%
lingering potion of water breathing
38%
polished blackstone pressure plate
38%
smithing table
38%
smoker
38%
spore blossom
38%
wet sponge
38%
azalea leaves
37%
barrel
37%
blocks
37%
dripleaf
37%
flowering azalea leaves
37%
lilac
37%
nether wart block
37%
activator rail
36%
arrow of slow falling
36%
heavy weighted pressure plate
36%
lightning rod
36%
light weighted pressure plate
36%
lingering potion of leaping
36%
lingering potion of swiftness
36%
polished blackstone brick wall
36%
small dripleaf
36%
weeping vine
36%
arrow of slowness
35%
cave vine
35%
echo shard
35%
otherside
35%
painting
35%
chiseled polished blackstone
34%
cracked polished blackstone bricks
34%
lingering potion of slow falling
34%
lingering potion of slowness
34%
packed mud
34%
dripstone block
33%
frosted ice
33%
grindstone
33%
spyglass
33%
stonecutter
33%
warped wart block
33%
bell
32%
cartography table
32%
end gateway
32%
flower pot
32%
infested cracked stone bricks
32%
large fern
32%
observer
32%
jigsaw block
31%
pointed dripstone
31%
scaffholding
31%
uncraftable potion
31%
chiseled nether bricks
30%
debug stick
30%
infested chiseled stone bricks
30%
cracked nether bricks
29%
name tag
29%
bundle
28%
nether sprouts
28%
glow lichen
26%
barrier
25%
target
25%
wait
25%
bubble column
20%
No matching quizzes found
Score Distribution
Percent of People with Each Score
Percentile by Number Answered
Your Score History
You have not taken this quiz since the last reset